MARC details
| 000 -CABECERA |
| campo de control de longitud fija |
03845nam a2200301 4500 |
| 003 - IDENTIFICADOR DEL NÚMERO DE CONTROL |
| campo de control |
EC-UNACH |
| 005 - FECHA Y HORA DE LA ÚLTIMA TRANSACCIÓN |
| campo de control |
20251126175212.0 |
| 006 - CÓDIGOS DE INFORMACIÓN DE LONGITUD FIJA--CARACTERÍSTICAS DEL MATERIAL ADICIONAL |
| campo de control de longitud fija |
s||||gr|||| 00| 00 |
| 008 - DATOS DE LONGITUD FIJA--INFORMACIÓN GENERAL |
| campo de control de longitud fija |
150116t9999 mx r gr 000 0 spa d |
| 020 ## - NÚMERO INTERNACIONAL ESTÁNDAR DEL LIBRO |
| Número Internacional Estándar del Libro |
978-9942-22-019-6 |
| 040 ## - FUENTE DE LA CATALOGACIÓN |
| Centro catalogador/agencia de origen |
EC-UNACH |
| Centro/agencia transcriptor |
EC-UNACH |
| 041 ## - CÓDIGO DE LENGUA |
| Código de lengua del texto/banda sonora o título independiente |
spa |
| 082 04 - NÚMERO DE LA CLASIFICACIÓN DECIMAL DEWEY |
| Número de edición |
23 |
| Número de clasificación |
630.2 |
| Número de documento/Ítem |
L018395 |
| 110 ## - ENTRADA PRINCIPAL--NOMBRE DE ENTIDAD CORPORATIVA |
| Nombre de entidad corporativa o nombre de jurisdicción como elemento de entrada |
Ministerio de Agricultura, Ganadería Acuacultura y Pesca |
| 245 ## - MENCIÓN DE TÍTULO |
| Título |
La política agropecuaria ecuatoriana hacia el desarrollo territorial rural sostenible 2015- 2025 |
| 250 ## - MENCIÓN DE EDICIÓN |
| Mención de edición |
Primera Parte |
| 264 ## - Producción, publicación, distribución, fabricación y copyright |
| Lugar de producción, publicación, distribución, fabricación |
Ecuador |
| Nombre del de productor, editor, distribuidor, fabricante |
Ministerio de Agricultura, Ganadería Acuacultura y Pesca |
| Fecha de de producción, publicación, distribución, fabricación o copyright |
2016 |
| 300 ## - DESCRIPCIÓN FÍSICA |
| Extensión |
480 |
| 505 ## - NOTA DE CONTENIDO CON FORMATO |
| Nota de contenido con formato |
Capítulo 1. El desafío de insertar la economía agraria ecuatoriana en el contexto internacional - - 1.1. Tendencias del sector agrícola a nivel mundial- -1.2. Tendencias de la política agropecuaria a nivel regional - - 1.3. Oportunidades y amenazas para el sector agropecuario ecuatoriano en el escenario internacional - - 1.4. La política pública agropecuaria ecuatoriana en el marco de la política económica y sectorial: 1964-2014 - - 1.5. La política agropecuaria en el marco actual del sistema de política pública Capítulo 2. Importancia del sector agropecuario en la economía ecuatoriana, panorama reciente (siglo XXI)- - 2.1. La producción agrícola como consumo intermedio - -2.2. Aporte de la agricultura a la generación de empleo- - 2.3. Aporte del sector agropecuario al comercio exterior - - -2.4. Contribución de la agricultura al valor agregado bruto (VAB) nacional según tipo de agricultura: pequeña, mediana y empresarial - -2.5. Contribución del sector agropecuario a la reproducción social de la población (seguridad alimentaria) <br/>Capítulo 3-- Desafíos para definir una política agropecuaria transformadora en Ecuador- - 3.1. Profundizar en la atención a los problemas estructurales del sector agropecuario ecuatoriano - - 3.2. Considerar la marcada heterogeneidad territorial en la producción agropecuaria - - 3.3. Afrontar el conflicto de uso de la tierra (aptitud y uso actual por zonas de planificación) - -3.4. Aprovechar el potencial agrícola del Ecuador. Zonificación agroproductiva - -3.5. Los nuevos dilemas del sector agropecuario - - 3.6. La agricultura frente a los retos de la balanza alimentaria del Ecuador- - 3.7. Atender las necesidades de financiamiento adicional para el sector agropecuario- - 3.8. Confrontar y aprovechar el contexto internacional y sus implicaciones para el desarrollo del sector agropecuario - - 3.9. Síntesis: retos de una política agropecuaria transformadora (incentivos y rentabilidad) Capítulo 4. Prioridades de políticas para el desarrollo rural sostenible en Ecuador: perspectivas hacia 2025 - - 4.1 Objetivos estratégicos de la política agropecuaria ecuatoriana - -4.2. Lineamientos para una nueva visión de la agricultura en Ecuador - -4.3. Prioridades de política nacional, direccionamiento estratégico. Rupturas Capítulo 5. Procesos estratégicos para mejorar la gobernanza y la aplicación de las políticas: 2015-2025- -5.1. Pre-requisitos para poner en marcha la política - -5.2. Fortalecimiento de la institucionalidad pública y privada en la agricultura - - 5.3. Actores públicos clave involucrados en la política agropecuaria - -5.4. Las atribuciones y capacidades de los gobiernos autónomos descentralizados, GAD - - 5.5. Seguimiento, monitoreo y evaluación de los resultados, efectos e impactos de la aplicación de la política y sus programas <br/> |
| 650 ## - PUNTO DE ACCESO ADICIONAL DE MATERIA--TÉRMINO DE MATERIA |
| Término de materia o nombre geográfico como elemento inicial |
TENDENCIAS DEL SECTOR AGRÍCOLA |
| 650 ## - PUNTO DE ACCESO ADICIONAL DE MATERIA--TÉRMINO DE MATERIA |
| Término de materia o nombre geográfico como elemento inicial |
SECTOR AGROPECUARIO |
| 650 ## - PUNTO DE ACCESO ADICIONAL DE MATERIA--TÉRMINO DE MATERIA |
| Término de materia o nombre geográfico como elemento inicial |
POTENCIAL AGRÍCOLA DEL ECUADOR |
| 700 ## - PUNTO DE ACCESO ADICIONAL--NOMBRE DE PERSONA |
| Nombre de persona |
Javier Ponce Cevallos |
| 942 ## - ELEMENTOS DE PUNTO DE ACCESO ADICIONAL (KOHA) |
| Fuente del sistema de clasificación o colocación |
Clasificación Decimal Dewey |
| Tipo de ítem Koha |
Libros |
| 999 ## - NÚMEROS DE CONTROL DE SISTEMA (KOHA) |
| Koha biblionumber |
14227 |